000 005990000a22001690004500
001 14542
020 _a84-95398-09-5
050 4 _aCD 077
110 1 _aPrensa Técnica
245 1 0 _aClipArt y Fuentes Professional : Los mejores clipart de informática, las fuentes para el profesional del Diseño / Prensa Técnica
260 _aS.L. : Prensa Técnica
505 0 0 _a- Clipart de: computers, types of computer, users - Demos: corel 9 demo, photohop 5.0 - Fuentes
942 _cBK
999 _c43398
_d43398
336 _atexto
_btxt
_2rdacontent
337 _2rdamedia
_asin mediación
_bn
338 _2rdacarrier
_avolumen
_bnc